Представление документа в формате RUSMARC

ПолеНазваниеЗначение
  Тип записи c
  Библиографический уровень m
001 Контрольный номер RU/УОНБ/EK_N/563968611
005 Дата корректировки 20260326171215.5
010 Индекс ISBN __
9 Тираж 32000 экз
013 Номер (ISMN) __
d Цена 60 к.
071 Издательские номер (звукозапись и ноты) 21
a Номер, присвоенный агентством 4650
100 Данные общей обработки __
a Данные общей обработки 20171112d1963 u y0rusy0189 ca
101 Язык документа 0_
a Язык текста rus
f Язык титульного листа rus
102 Страна публикации __
a Страна публикации RU
105 Кодированные данные (монография) __
a Кодированные данные (монография) y 000|y
200 Заглавие и сведения об ответственности 1_
a Заглавие Тетр. 1-2
210 Выходные данные 1_
d Дата издания 1963
215 Физическое описание __
d Формат 29 см
461 Уровень набора _0
1 001RU/УОНБ/EK_N/563967705
1 200
a Школа беглости
b Ноты
e соч. 136
f А. Лешгорн
v Тетр. 1-2
1 210
a М.
c Музгиз
d 1963 -
512 Заглавие обложки 1_
a Заглавие обложки Школа беглости
606 Тематические рубрики 0_
a Основная рубрика Фортепианная музыка зарубежная
x Основная подрубрика Этюды
610 Ключевые слова 0_
a Ключевые слова фортепианная музыка зарубежная
610 Ключевые слова 0_
a Ключевые слова этюды
686 Индексы других классификаций __
a Классификационный индекс 85.954.294(3)
2 Код системы rubbk
801 Источник записи _0
a Страна RU
b Организация Ульяновская ОНБ
c Дата составления 20171114
g Правила каталогизации RCR
801 Источник записи _1
a Страна RU
b Организация Ульяновская ОНБ
c Дата составления 20171114
g Правила каталогизации RCR
901 Тип документа __
t Тип документа n
w Контрольный № источника RU/УОНБ/EK_N/563967705
909 Создатель записи __
a Создатель записи Никитина Т. А.
910 Корректоры записи __
a Корректор записи Илямакова
938 Служебная информация __
a Имя БД noti
b Имя библиотеки УОНБ
c Имя АИБС МАРК-SQL
d Номер DOC_ID в БД 17175